[Event "EU-chT (Men) 14th"]
[Site "Plovdiv"]
[Date "2003.10.13"]
[Round "3.1"]
[White "Lautier, Joel"]
[Black "Kveinys, Aloyzas"]
[Result "1-0"]
[WhiteElo "2666"]
[BlackElo "2495"]
[Annotator "Gofshtein,L"]
[PlyCount "78"]
[EventDate "2003.10.10"]
[EventType "team-swiss"]
[EventRounds "9"]
[EventCountry "BUL"]
[SourceTitle "CBM 098"]
[Source "ChessBase"]
[SourceDate "2004.02.03"]
[SourceVersion "1"]
[SourceVersionDate "2004.02.03"]
[SourceQuality "1"]
[WhiteTeam "France"]
[BlackTeam "Lithuania"]
[WhiteTeamCountry "FRA"]
[BlackTeamCountry "LTU"]

1. d4 {[%mdl 36]} Nf6 2. c4 e6 3. Nc3 d5 4. cxd5 Nxd5 5. e4 Nxc3 6. bxc3 c5 7.
Nf3 cxd4 8. cxd4 Bb4+ 9. Bd2 Bxd2+ 10. Qxd2 O-O 11. Bc4 Nd7 12. O-O b6 13. Rad1
Bb7 14. Rfe1 {White has a small but a stable advantage in this variation} Rc8
15. Bb3 {The usual move in this position. One of white's main ideas is the
advance d4-d5. In this case the bishop is better placed on b3. 15.Bd3 was also
met, for example:} (15. Bd3 Re8 16. Qe3 Rc3 17. e5 Qc7 18. Ng5 Nf8 19. Ne4 Bxe4
20. Qxe4 Rd8 $132 {1-0 Kortschnoj,V-Najdorf,M/Wijk aan Zee 1971/MCL (40)})
15... Qf6 $5 {[%cal Rf6f4] First of all, preventing the activization of the
white queen and preparing for d4-d5. In this case black's queen is very well
placed on f6. Other moves are 15...Nf6 and 15...Re8 lead to difficulties as
the games given below show.} (15... Nf6 16. d5 $5 exd5 17. exd5 Rc5 18. d6 Bd5
19. Qf4 Nh5 20. Qd4 Nf6 21. Qf4 Nh5 22. Qd4 Nf6 23. Re5 Bxf3 24. gxf3 Rxe5 25.
Qxe5 $36 {1-0 Olafsson,F-Unzicker,W/Lugano 1970/MCD (47)}) (15... Re8 16. Qf4
Qf6 17. Qd6 Red8 18. Qa3 a5 19. Ba4 Qf4 20. Qe7 $36 {1-0 Van Wely,L-Hansen,C/
Ter Apel 1993/CBM 35 (43)}) 16. h3 {White prepares to bring the knight to g4,
to drive away black's queen from f6} (16. Qb4 Qf4 17. Qe7 Rc7 18. Qg5 Qxg5 19.
Nxg5 h6 $132 {1/2-1/2 Zhu Chen-Portisch,L/Amsterdam 2001/EXT 2002 (34)}) (16.
d5 Nc5) 16... h6 (16... Rfd8 $5 17. Qe3 h6 18. Nh2 Qe7 19. Nf1 b5 20. d5 Nc5
$132 {1/2-1/2 Illescas Cordoba,M-Ivanchuk,V/Bled 2002/EXT 2003 (31)}) 17. Qe3
Qe7 18. Nh2 {[%cal Rh2g4,Yh2f1,Yf1g3] Tries to bring the knight to a more
active position} b5 {[%csl Yc3][%cal Rd7b6,Rb6c4,Rb5b4,Yc8c3] Black also tries
to organize some couterplay. The knight can be transfered to c4 and the rook
after b5-b4 to c3} 19. d5 {White also starts active actions in the centre,
taking advantage of the undefended pawn on a7} Nc5 (19... exd5 20. Bxd5 (20.
Qxa7 $5 Nc5 21. exd5 (21. Bxd5 Ra8 22. Qb6 Rfb8 23. Re3 Bxd5 24. exd5 $14)
21... Qd6 22. Qa3 $14) 20... Bxd5 21. Rxd5 a6 $11) 20. d6 Qd7 21. e5 {The
result of the break in the centre is the passed and protected pawn on d6,
which defines white's positional advantage.} Qc6 22. Nf3 Qb6 $6 {Black allows
the final blow, but also in case of 22...a5 the initiative is totally at
white's hands.} (22... a5 23. Rc1 a4 24. Bc2 $36) 23. d7 $1 Rc6 $8 (23... Rcd8
24. Rd6 Qa5 25. Qxc5 Bxf3 26. Rc1 $18) 24. Nd4 Nxd7 (24... Rc7 25. Nxe6 $18)
25. Nxc6 Qxc6 26. f3 {Black doesn't have enough compensation for the
sacrificed exchange, because white's pieces are very active.} Nb6 27. Rd6 $16
Qc7 28. Rc1 Qe7 29. Rc5 Nd5 (29... b4 30. Bc2 $36) 30. Bxd5 Bxd5 31. Rxb5 {
Now the win is just a matter of time} Qh4 32. a3 Rc8 33. Kh2 Qh5 34. Rb4 $1 {
White transfers the rook to a even better position on the 4 line.} Qf5 35. Qf4
$18 {Offering the exchange of queens after which the weaknesses a7 and f7 are
defenseless} Qg6 36. Qg3 Qf5 37. Rd7 {[%cal Rb4f4] Threatening Rf4} g5 38. h4
Kg7 39. Rg4 Kg6 1-0

[Event "Bundesliga 0304"]
[Site "Germany"]
[Date "2003.12.14"]
[Round "6.2"]
[White "Van Wely, Loek"]
[Black "Sokolov, Andrei"]
[Result "1/2-1/2"]
[WhiteElo "2654"]
[BlackElo "2584"]
[Annotator "Gofshtein,L"]
[PlyCount "92"]
[EventDate "2003.11.01"]
[EventType "team-tourn"]
[EventRounds "15"]
[EventCountry "GER"]
[SourceTitle "CBM 099"]
[Source "ChessBase"]
[SourceDate "2004.03.30"]
[SourceVersion "1"]
[SourceVersionDate "2004.03.30"]
[SourceQuality "1"]
[WhiteTeam "Porz"]
[BlackTeam "Tegernsee"]
[WhiteTeamCountry "GER"]
[BlackTeamCountry "GER"]

{[%mdl 4]} 1. Nf3 Nf6 2. c4 c5 3. Nc3 Nc6 4. g3 d5 5. d4 e6 6. cxd5 Nxd5 7. Bg2
Be7 8. O-O O-O 9. e4 Nxc3 {Other two moves also deserve attention, for example:
} (9... Ndb4 $5 10. d5 exd5 11. exd5 Nd4 12. Nxd4 cxd4 13. a3 dxc3 14. axb4
Bxb4 15. Qd4 Bd6 $132 {1/2-1/2 Gulko,B-Gruenfeld,Y/Philadelphia 2001/EXT 2002 
(27)}) (9... Nb6 $5 10. dxc5 Qxd1 11. Rxd1 Bxc5 12. Bf4 f6 13. Rac1 e5 $14 {
1/2-1/2 Timman,J-Khalifman,A/Wijk aan Zee 2002/CBM 87 (24)}) 10. bxc3 b5 $5
$146 {[%cal Rb5c4][%mdl 8] An interesting novelty. Black captures space on the
queenside and taking control over the important square c4. After other moves
black usually had difficulties:} (10... Bf6 11. Bb2 cxd4 12. cxd4 Rb8 (12... b6
13. Rb1 Bb7 14. d5 exd5 15. exd5 Na5 16. Ne5 $36 {1-0 Vaulin,A-Shariyazdanov,A/
Perm 1997/EXT 2000 (35)}) 13. Rb1 Na5 14. Qd3 b5 15. Ba3 $36 {1-0 Brunner,
L-Schmieke,M/Berlin West 1984/MCD (35)}) (10... b6 11. d5 Na5 12. Re1 exd5 13.
exd5 Bf6 14. Ne5 $36 {1-0 Gulko,B-Adamski,J/Copenhagen 2000/CBM 77 ext (45)})
11. Bf4 {White prepares d4-d5} (11. d5 Na5 $132 {[%cal Ra5c4]}) 11... cxd4 12.
cxd4 Bf6 {[%cal Rf6d4] Black transfers the bishop to an important diagonal and
frees the e7 square for the knight in case of d4-d5} 13. Rc1 {Taking the rook
away of the a1-h8 diagonal and preparing the advance d4-d5} (13. e5 Be7 14. Ng5
Bxg5 15. Bxc6 Rb8 $132) 13... Bb7 14. d5 exd5 15. exd5 Ne7 16. d6 Ng6 {[%cal
Rg6f4,Rg6e5] After a series of forced moves black transfered the knight to g6
from where it defends the e5 square against the invasion of white's knight.}
17. Be3 Rc8 {[%cal Rc8c1] Exchanging white's active rook and planning to
transfer the queen to a8 after it.} 18. Rxc8 Qxc8 19. Bxa7 Qa8 20. Bc5 Ne5 $5 {
[%cal Rb7g2] This is what black had in mind. Black has active piece play for
the sacrificed pawn} 21. Nxe5 Bxg2 22. Re1 Bxe5 $5 {Black is heading for an
endgame with the opposite coloured bishops where his chances to a draw are
significant.} (22... Bh1 $2 23. f3 Bxe5 24. Kxh1 $18) (22... Bh3 23. Qf3 Qa5 (
23... Qxf3 24. Nxf3 $16) 24. Nd3 Be6 25. a3 $16) 23. Rxe5 Bh3 24. Qd5 (24. f3
Qxa2 25. Bf2 Bd7) 24... Qxd5 25. Rxd5 {[%mdl 4096]} f6 26. f3 Bd7 27. Rd2 h5
28. Kf2 Kf7 {In spite of the extra pawn it's not clear how white can activize
his rook} 29. Bb4 Re8 30. a3 g5 31. h4 g4 32. fxg4 Bxg4 33. d7 {By exchanging
the d pawn for the b pawn white makes his last attempt to win} (33. Rd5 Re5 34.
Rd2 Re8) 33... Rd8 34. Rd5 Rxd7 35. Rxb5 Rd3 {[%cal Rd3f3,Rd3b3] By activizing
the rook black easily gets the draw} 36. a4 Rf3+ 37. Kg2 Rb3 38. a5 Rb2+ {
Restricting the opponent's king} 39. Kg1 Be2 $5 {Putting the bishop to a f1-a6
diagonal black prevents the advance of the a-pawn} 40. Rb6 Bc4 41. Bc3 {
By exceeding all the other options white agrees to a draw} Rxb6 42. axb6 $11
Bd5 43. Kf2 f5 44. Ke3 Ke6 45. Kf4 Kd7 46. Kxf5 Bf3 {The black king covers the
b5 pawn and the bishop prevents g3-g4. White can't strengthen his position,
that's why the both players agreed to a draw} 1/2-1/2

[Event "Kfar Sava op 16th"]
[Site "Kfar Sava"]
[Date "1998.08.08"]
[Round "5"]
[White "Bykhovsky, Avigdor"]
[Black "Golod, Vitali"]
[Result "1-0"]
[WhiteElo "2455"]
[BlackElo "2555"]
[Annotator "Golod,V"]
[PlyCount "131"]
[EventDate "1998.08.06"]
[EventType "swiss"]
[EventRounds "5"]
[EventCountry "ISR"]
[SourceTitle "CBM 066"]
[Source "ChessBase"]
[SourceDate "1998.09.30"]
[SourceVersion "1"]
[SourceVersionDate "1998.09.30"]
[SourceQuality "1"]

1. d4 Nf6 2. c4 e6 3. Nf3 d5 4. Nc3 c5 5. cxd5 Nxd5 6. e4 Nxc3 7. bxc3 cxd4 8.
cxd4 Bb4+ 9. Bd2 Bxd2+ 10. Qxd2 O-O 11. Rc1 (11. Bc4 $142 $5) 11... b6 $5 (
11... Nc6 $5 12. Bb5 $5 (12. Be2 Qf6 $5 (12... Qa5 $143 13. Qxa5 Nxa5 14. Kd2
b6 15. Ke3 Bb7 16. Rc7 Rfc8 17. Rhc1 $14 {1/2-1/2 Vidmar,M-Gruenfeld,E/
Schlechter mem 1951 (31)}) 13. e5 Qe7 14. O-O Rd8 15. Rfd1 Bd7 16. Ng5 Be8 17.
Bd3 h6 18. Nf3 Nb4 19. Bb1 Bc6 $15 {0-1 Bisguier,A-Reshevsky,S/Wertheim-mem
1951 (42)}) 12... Bd7 (12... Na5 $5 13. O-O a6 14. Bd3 b6 15. Rc2 Bb7 16. Rfc1
Qd6 17. h3 Rfc8 18. Rxc8+ Rxc8 19. Rxc8+ Bxc8 {1/2-1/2 Cobo Arteaga,E-Jimenez
Zerquera,E/Capablanca mem 1968}) 13. O-O Ne5 $1 (13... Ne7 $143 14. Qb4 Qb6 15.
a4 Nc6 16. Qc5 Qxc5 17. Rxc5 a6 18. Be2 Rac8 19. Rfc1 f6 20. Kf1 $14 {1/2-1/2
Pomar Salamanca,A-Kortschnoj,V/Palma de Mallorca 1969 (57)}) 14. Nxe5 Bxb5 15.
Rfd1 f6 16. Nf3 Qd7 17. h3 Rac8 18. Qb2 Ba4 19. Re1 Rxc1 20. Rxc1 Bc6 $11 {
0-1 Lundin,E-Pachman,L/Saltsjobaden izt 1948 (54)}) 12. Bd3 Bb7 13. O-O Nc6 $5
(13... Nd7 $6 14. Qf4 $14 Nf6 15. h4 h6 16. Qe3 Qe7 17. Ne5 $13 {1/2-1/2 Byrne,
R-Salo,T/Helsinki olm 1952 (36)}) 14. Qe3 $5 $146 (14. Bb1 $5 Qd7 15. e5 Rfd8
16. Rfd1 h6 17. Rc3 Rac8 18. Qd3 g6 $11 {1/2-1/2 Dambravaite,R-Ciuksyte,Z/
LTU-chW 1996 (56)}) (14. d5 $6 exd5 15. exd5 Ne7 16. d6 Nd5 $13) 14... Qe7 15.
Rfd1 (15. d5 $4 exd5 16. exd5 Qxe3 17. fxe3 Nb4 $17 {[%csl Rd3,Rd5]}) 15...
Rfd8 16. Bb1 Rac8 17. h4 e5 $6 (17... h6 $5) 18. d5 Na5 {[%cal Ga5c4]} 19. Bd3
$1 $14 {><c4} h6 $6 (19... Qd6 $5) (19... Rxc1 $5 20. Rxc1 Bc8 $14) 20. g3 Rxc1
(20... Qd6 $5) 21. Rxc1 Bc8 22. Bf1 $1 {[%csl Rc7,Re5][%cal Ge3c3]} Bg4 (22...
Nb7 $6 23. Qc3 f6 (23... Nc5 24. Qxe5 Qxe5 25. Nxe5 Re8 26. Nc6 Nxe4 27. Nxa7
$16) 24. Qc7 $14) 23. Nh2 Bc8 24. Nf3 Bg4 25. Ba6 $5 {[%cal Ga6b7]} f6 (25...
Bxf3 26. Qxf3 Nb7 27. Bxb7 Qxb7 28. Qf5 Qe7 29. Rc8 (29. h5 $5) 29... Rxc8 30.
Qxc8+ Kh7 31. Kg2 $14) 26. Nh2 Bh5 27. g4 $6 (27. Nf1 $5 {/\Qc3,Ne3;><f5})
27... Be8 28. h5 b5 $2 (28... Nb7 $5 29. Bxb7 Qxb7 $11) 29. Qc5 $1 Qxc5 30.
Rxc5 Rb8 $6 $138 (30... Nc4 $5 31. Bxb5 Bxb5 32. Rxb5 Nd6 33. Rb4 a5 34. Ra4
Rc8 $14) 31. Rc7 {+/=/+/-} Nc4 (31... Ra8 $143 32. f3 {[%cal Gh2f1,Gf1e3,Ge3f5]
}) 32. Rxa7 Nd6 33. f3 Kf8 34. Nf1 Rd8 {[%cal Gd8d7]} 35. Ne3 Rd7 36. Ra8 $8 (
36. Rxd7 $4 Bxd7 37. Kf2 Ke7 38. Nc2 Kd8 39. Nb4 Kc7 40. Ke3 Kb6 41. Kd3 Ne8 {
[%csl Ra6][%cal Ge8c7]} 42. a4 $8 bxa4 $15) 36... Rc7 37. Rb8 $1 (37. Nf5 $2
Nxf5 38. gxf5 Rc1+ 39. Kf2 Rc2+ 40. Ke3 Rxa2 41. d6 Kf7 $8 42. Ra7+ Kf8 {
[%cal Ge8c6]} 43. Ra8 $11) 37... Ke7 38. Nf5+ Nxf5 39. gxf5 (39. exf5 $5) 39...
Rc1+ 40. Kf2 Rc2+ 41. Ke3 Rxa2 $4 (41... Bxh5 $8 42. Bxb5 Rxa2 43. Rb7+ Kf8 44.
d6 Ra8 $14) 42. d6+ $1 Kxd6 (42... Kf7 $2 43. Bc8 $1 $18 {[%cal Gc8e6]}) 43.
Rxe8 $18 Ra3+ (43... Rxa6 $4 44. Re6+) 44. Kf2 Kc5 45. Bb7 Ra2+ 46. Kg3 b4 47.
Bd5 Ra1 48. Rb8 $6 (48. f4 $5) 48... Rb1 49. Rb7 Kd4 50. Ba2 Ra1 $2 (50... Rb2
$8 51. Bd5 Rb1 52. f4 Ke3 53. fxe5 fxe5 54. Kg2 Rb2+ 55. Kh3 $18) 51. Rxb4+ Kc3
52. Rb3+ (52. Ra4 $144 Kb2 53. Ra7 (53. Bb3 $4 Rg1+ 54. Kf2 Kxb3 $11) 53...
Rxa2 54. Rxg7 $18) 52... Kc2 53. Ra3 Kb2 54. Ra7 Rxa2 55. Rxg7 $18 {[%csl Rf6,
Rh6]} Kc3 56. Rg6 Ra6 57. Rxh6 Kd3 58. Rg6 Ke3 59. h6 Ra1 60. Rxf6 Rg1+ 61. Kh2
Rg8 62. Rg6 Rh8 63. Kg3 Rh7 64. f6 Kd4 65. Kg4 Kc5 66. Kg5 {(2.27-2.25)} 1-0

[Event "World op 32nd"]
[Site "Philadelphia"]
[Date "2004.07.05"]
[Round "8"]
[White "Zaichik, Gennadi"]
[Black "Golod, Vitali"]
[Result "0-1"]
[WhiteElo "2525"]
[BlackElo "2552"]
[Annotator "Golod,V"]
[PlyCount "146"]
[EventDate "2004.07.01"]
[EventType "swiss"]
[EventRounds "9"]
[EventCountry "USA"]
[SourceTitle "CBM 101 Extra"]
[Source "ChessBase"]
[SourceDate "2004.09.01"]
[SourceVersion "2"]
[SourceVersionDate "2004.09.01"]
[SourceQuality "1"]

1. Nf3 Nf6 2. c4 e6 3. Nc3 d5 4. d4 c5 5. cxd5 Nxd5 6. e4 Nxc3 7. bxc3 cxd4 8.
cxd4 Bb4+ 9. Bd2 Bxd2+ 10. Qxd2 O-O 11. Bc4 Nc6 12. O-O b6 13. Rad1 Bb7 14. Qf4
{The last moves (from 11.Bc4 to 14.Qf4) my contender has made very quickly.} ({
Also twice were checked up in the my previous games:} 14. Rfe1) 14... Na5 $5 {
Novelty, from the point of view of my games. Before I played in this position
14...Qf6!?} 15. Bd3 Qe7 16. d5 $5 ({After:} 16. Rfe1 Rac8 17. d5 {we can
receive the same position as in the previous variation: 14.Rfe1}) 16... Rfd8 $5
(16... Rad8 $5 17. Rfe1 h6 18. Re3 exd5 19. exd5 Qd6 20. Ne5 Bxd5 21. Qf5 g6
22. Rg3 $44 {Krasenkow,M-Cyborowski,L/Warsaw,2004(1/2-1/2)(44)}) (16... f6 $2
17. Nd4 $1 e5 $140 (17... exd5 18. exd5 $36) 18. Nf5 exf4 19. Nxe7+ Kf7 20. Nf5
Bc8 21. Rc1 Bxf5 22. Rc7+ Kg8 23. exf5 $16 {Krasenkow,M-Kveinys,A/Lubniewice,
2002(1-0)(34)}) 17. dxe6 $5 $146 {This continuation is the next attempt to
bring in a "new word " in the theory of this variation.} (17. e5 $2 Bxd5 $140
18. Bxh7+ $2 Kxh7 19. Ng5+ Kg6 20. Rd3 f6 $1 $19 {[%csl Yg6][%cal Yg6f7]}) (17.
Rc1 $6 exd5 18. e5 Bc8 19. Nd4 Be6 20. Ba6 Re8 21. Rfe1 $44 {1/2-1/2
Harikrishna,P-Zilberman,Y/Pardubice,2002}) (17. Rfe1 Rac8 18. dxe6 fxe6 $2 (
18... Qxe6 $5) 19. e5 Bd5 20. Ng5 h6 21. Ne4 $14 {Pieniazek,A-Bellini,F/Arnhem,
1987(1-0)(36)}) 17... Qxe6 $140 {All goes according to my home analysis.} 18.
Bb1 $1 $13 {[%csl Yb1,Rf5][%cal Gf3d4,Gd4f5,Yb1a2] A rather unexpected and
original idea.} h6 $1 {I thought over about 35 minutes about this move. I had
a rather uneasy choice between the text and three other continuations:} (18...
Rac8 $6 19. Nd4 $140 Qc4 20. Nf5 Rxd1 21. Rxd1 Qe2 22. Qd6 $14) (18... Qf6 $6
19. Qxf6 gxf6 20. Nd4 $14) (18... Nc6 $6 19. e5 $36) 19. Nd4 Qd7 (19... Qc4
$143 20. Nf5 Rxd1 21. Rxd1 Qe2 22. Rc1 $14) 20. h4 $5 Nc6 $2 {It's discrepancy,
which allows to begin a strong attack on the my king. In home analysis, in
some days, I have found the best continuation:} (20... Qa4 $1 21. e5 $1 (21.
Qe3 $143 Rd7 {/\Rad8}) (21. Bc2 $2 Qxa2 22. Nf5 Rxd1 23. Bxd1 Qe6 {=/+/-/+})
21... Nc6 $140 22. e6 $8 {[%csl Rb7,Rg8][%cal Gf4f7]} fxe6 (22... Nxd4 $5 23.
Qxf7+ Kh8 24. Rde1 $1 Qc6 25. Be4 (25. Qg6 $5 Qxg2+ 26. Qxg2 Bxg2 27. Kxg2 $13)
25... Qxe6 26. Qxe6 Nxe6 27. Bxb7 Rab8 $11) 23. Nxe6 Qxf4 (23... Qxd1 $2 24.
Rxd1 Rxd1+ 25. Kh2 {/\Qc7} Rd7 26. Qf5 $18 {[%csl Gb1,Gf5,Rg7,Rg8][%cal Gf5h7]}
) 24. Nxf4 Nd4 $11) {[%tqu "En","Black's previous move was a deciding blunder.
Can you find why?","","","d4f5","",10]} 21. Nf5 $1 $40 Qxd1 22. Rxd1 Rxd1+ 23.
Kh2 Rxb1 $2 {Again a wrong decision.} ({Also badly:} 23... Nd4 $2 {in view of:}
24. Nxh6+ $1 {[%csl Rd1,Rg8][%cal Gf4g4]}) (23... Rad8 $5 24. Bc2 {/\Bb3 or
Qg3->}) 24. Qg3 g6 {[%tqu "En","Find the killer move!","It's necessary to use
a weakness of the Black's king!","","h4h5","I did not see this resource.",10,
"f5h6","",0]} 25. h5 $1 {I did not see this resource.} (25. Nxh6+ $2 Kf8 26.
Qc7 Nd8 27. Qd6+ Kg7 28. Qd4+ Kh7 (28... Kxh6 $4 29. Qh8#) (28... f6 $2 29. Ng4
{קf6}) 29. Qf6 $44 {[%csl Rf7][%cal Gh6f7]}) 25... Nd4 (25... g5 $4 26. Qc3 {
with mate in 6 moves}) (25... Kh7 $4 26. hxg6+ fxg6 $140 27. Qc7+ Kg8 28. Qg7#)
(25... Rb5 $2 26. hxg6 Rxf5 27. exf5 {עg8 +/-/+-}) 26. Nxh6+ $1 {White very
strongly carries out this part of the game.} (26. Nxd4 $2 Bxe4 27. Qe5 Bd3 $11)
26... Kg7 $140 27. Nxf7 $1 Kxf7 (27... Bxe4 $4 28. Qe5+ Kxf7 29. Qxe4 $18 {
[%csl Ra8,Rb1,Rd4,Rg6][%cal Ge4b1,Ge4a8,Ge4d4,Ge4g6]}) 28. Qxg6+ Ke7 29. Qg7+
Ke6 30. Qxb7 $16 (30. Qxd4 $5 $16) 30... Rd8 31. Qg7 {It's discrepancy, which
allows to improve a coordination of the my pieces.} (31. f4 $142 {/\f5 (עe6)})
31... Rb5 $1 32. Qg6+ Ke7 33. f4 Ne6 34. f5 Nf8 35. Qg7+ Ke8 36. Qxa7 Rd7 37.
Qa8+ Kf7 38. Qc6 Re5 {[%csl Re4]} 39. h6 Rde7 40. Qc4+ Ke8 41. Qc6+ Kf7 42.
Qxb6 {Gennadi had decided to take away my last pawn.} Rxe4 43. Kh3 Nh7 {
Black don't have any clear plan, he waits and prepares for active actions on
the part of the white's pawns.} 44. a4 Re3+ (44... Rxa4 $4 45. Qb3+) 45. g3
R3e5 46. Qg6+ Kf8 47. Qc6 Kf7 48. Qg6+ Kf8 49. g4 $5 ({After:} 49. Qc6 Kf7 50.
Qg6+ {the position repeats three times.}) 49... Re2 {[%csl Rh3][%cal Ge7e3,
Ge2h2]} 50. Kh4 Rh2+ 51. Kg3 Rhe2 52. Qc6 Ng5 $1 53. Kh4 {White has selected
an irresolute continuation.} (53. Qf6+ $1 Nf7 $140 54. g5 {[%csl Yg3][%cal
Yg3g4,Yg4h5,Yh5g6]} R7e3+ 55. Kg4 Ra3 56. h7 Rg2+ 57. Kf4 (57. Kh5 $4 Rh3+ 58.
Kg6 Rh6#) 57... Rf2+ 58. Ke4 Rxa4+ (58... Re2+ 59. Kd5 $18) 59. Ke3 Rh2 60. g6
$18 {[%csl Yf6][%cal Yf6a1]}) (53. a5 $4 R7e3+ 54. Kh4 (54. Kf4 Nh3#) 54...
Nf3+ 55. Kh5 (55. Kg3 Ne5+) 55... Rh2+ 56. Kg6 Ne5+) 53... Nf7 54. f6 Re8 55.
Qc5+ Kg8 56. Qc7 (56. Qf5 $143 {/\Qg6+} Ne5 (56... Rh2+ $2 57. Kg3 Rxh6 58. g5
$18 {/\Qg6+}) 57. Qg5+ Kf7 58. Qg7+ Ke6 59. h7 Nf7 60. Qg8 Rd8 {/\Rh2+} (60...
Kxf6 $2 61. g5+ Ke7 62. g6 $18) 61. Kg3 $1 {/\Qxd8 and h8Q} Red2 {and probably,
Black can hold this position.}) (56. g5 $2 R2e4+ $1 {[%csl Rc5,Rh4][%cal Ge4e5,
Ge4e3,Ge8e5]}) 56... Rf8 57. g5 $6 (57. a5 $142 $1 {o^ +/-/+-}) 57... Re4+ $1
58. Kh5 $4 {Painful blunder leading to very bad position.} (58. Kg3 $1 Re5 $140
59. h7+ $1 Kxh7 (59... Kh8 $2 60. Kf4 Rxg5 $140 $2 61. Qe7 {[%csl Ge7,Rf7,Rf8]
[%cal Yf8f7]}) 60. Qc2+ Kh8 $8 61. g6 Kg8 62. gxf7+ Rxf7 63. Kf4 Ra5 64. Qc4
$22 $18) (58. Kh3 $2 Nxg5+ 59. Kg3 Re3+ 60. Kg4 Nf7) 58... Re5 {[%csl Ge5,Gf7,
Rg5] The contender has yawned this obvious move.} 59. Kg4 Rxg5+ 60. Kf4 Rg6 {
-/+/-+} 61. Kf5 Rg5+ 62. Kf4 Rg1 63. h7+ $138 Kxh7 64. Qc2+ Rg6 65. Qc3 $138
Nh6 66. Ke4 Rfxf6 {I already have destroyed all white pawns in the king side.}
67. Qc2 {[%csl Gc2,Rh7]} Rf5 68. Qc7+ Rg7 69. Qc6 Rh5 70. Kd4 Rg4+ 71. Kc3 $2 {
This blunder is leading to an immediate loss.} (71. Ke3 $142 {-/+/-+}) 71...
Rh3+ 72. Kc2 $2 (72. Kd2 $142 Rh2+ 73. Ke3 Nf5+ 74. Kd3 $8 Rd4+ 75. Kc3 Rh3+
76. Kb2 (76. Kc2 $2 Rc4+ $1 77. Qxc4 Ne3+ 78. Kb3 Nxc4+ 79. Kxc4 Kg6 80. a5 Kf6
81. Kb5 Ke7 $19) 76... Rd2+ 77. Kc1 Rhh2 $1 78. Qc7+ Kg6 79. Qb6+ Kh5 {/\Rdf2
-+}) 72... Rh2+ $1 {[%csl Rc2,Rc6,Gg4,Gh2] Now my rooks begin to work in the
other direction.} 73. Kb3 (73. Kb1 $2 Rg1+) 73... Rg3+ $1 $19 (73... Rg3+ 74.
Kb4 (74. Kc4 Rc2+) 74... Rh4+ 75. Kb5 Rg5+ 76. Ka6 Rg6) 0-1